Irish Players Transfer Summer 2024 - Statistics

General Stats
  • This quiz has been taken 6 times
  • The average score is 7 of 41
Answer Stats
Player From To Fee % Correct
Jake O'Brien Lyon (France) Everton €16.4m
80%
Troy Parrott Tottenham Hotspurs AZ Alkamaar (Netherlands) €4m
80%
Adam Idah Norwich City Celtic (Scotland) €9.9m
60%
Dara O'Shea Burnley Ipswich Town €14.2m
60%
Sammie Szmodics Blackburn Rovers Ipswich Town €10.6m
60%
Alan Browne Preston North End Sunderland Free
40%
Chiedozie Ogbene Luton Town Ipswich Town €8m
40%
Mark McGuinness Cardiff City Luton Town €11.7m
40%
Mikey Johnstone Celtic (Scotland) West Bromwich Albion Undisclosed
40%
Peter Kioso Rotherham United Oxford United €820k
40%
Rocco Vata Celtic (Scotland) Watford Undisclosed
40%
Corrie Ndaba Ipswich Town Kilmarnock (Scotland) Undisclosed
20%
Liam Kelly Crawley Town Milton Keynes Dons Undisclosed
20%
Luke McNally Burnley Bristol City Undisclosed
20%
Michael Kelly Milton Keynes Dons Accrington Stanley Free
20%
Ronan Curtis AFC Wimbledon Port Vale Free
20%
Ryan Delaney Newport County Swindon Town Free
20%
Sinclair Armstrong Queens Park Rangers Bristol City Undisclosed
20%
Tyreik Wright Plymouth Argyle Bradford City Undisclosed
20%
Aidan Keena Cheltenham Town St Patricks Athletic (Ireland) Free
0%
Ben Quinn Celtic (Scotland) Mansfield Town Free
0%
Cian Hayes Fleetwood Town Peterborough United Undisclosed
0%
Conor Grant Milton Keynes Dons Notts County Undisclosed
0%
Conor Hourihane Derby County Barnsley Free
0%
David Okagbue Stoke City Walsall Undisclosed
0%
Dawson Devoy Milton Keynes Dons Bohemians (Ireland) Undisclosed
0%
Gavan Holohan Grimsby Town Crawley Town Free
0%
Gavin Kilkelly West Ham United Swindon Town Undisclosed
0%
Greg Sloggett Free Agent Cheltenham Town Free
0%
Joe Rafferty Portsmouth Rotherham United Free
0%
John-Joe O'Toole Mansfield Town AFC Wimbledon Free
0%
Keiren Westwood Free Agent Crewe Alexandra Free
0%
Kevin Long Birmingham City Toronto (Canada) Undisclosed
0%
Neill Byrne Stockport County Bradford City Undisclosed
0%
Paddy Madden Stockport County Chesterfield Free
0%
Promise Omochere Fleetwood Town Bristol Rovers Undisclosed
0%
Reuben Egan Free Agent Tranmere Rovers Free
0%
Ruairí Paton Queen's Park (Scotland) Port Vale Undisclosed
0%
Sean Long Cheltenham Town Forest Green Rovers Free
0%
Tummise Sobowale Shrewsbury Town Swindon Town Free
0%
Will Ferry Cheltenham Town Dundee United (Scotland) Free
0%
No matching quizzes found
Score Distribution
Percent of People with Each Score
Percentile by Number Answered
Your Score History
You have not taken this quiz